| 000 | 00000nam##2200000za#4500 |
| 001 | 9.615564 |
| 003 | CaOODSP |
| 005 | 20241203113634 |
| 007 | ta |
| 008 | 150406|2001||||xxc||||| f|0| 0 eng|d |
| 020 | |a0-662-30276-1 |
| 040 | |aCaOODSP|beng |
| 043 | |an-cn--- |
| 086 | 1 |aEn1-35/5-2001E |
| 110 | 1 |aCanada. |bEnvironment Canada. |
| 245 | 10|aFundraising |
| 260 | |aDartmouth - Nova Scotia : |bEnvironment Canada |c2001. |
| 300 | |a14p. ; |c28 cm. |
| 490 | 1 |aReferences for research series |
| 563 | |aSoftcover |
| 590 | |a01-38|b2001-09-21 |
| 690 | 07|aFundraising|2gcpds |
| 776 | 0#|tFundraising / |w(CaOODSP)9.571507 |
| 830 | #0|aReferences for research series.|w(CaOODSP)9.514536 |